| 000 | 01288nam a2200349 i 4500 | ||
|---|---|---|---|
| 999 |
_c65629 _d65629 |
||
| 001 | 768714001 | ||
| 003 | CO-MdFUSB | ||
| 005 | 20200610152350.0 | ||
| 007 | ta | ||
| 008 | 200403t1990 -us |||| |||| 00| 0 eng d | ||
| 020 | _a9780875524023 | ||
| 040 |
_aCO-MdFUSB _bspa _cCO-MdFUSB _dCO-MdFUSBC _erda |
||
| 041 | _aeng | ||
| 082 |
_223 _a232.8 _bR458 |
||
| 100 |
_aReymond, Robert. _eautor |
||
| 245 | 1 |
_aJesus, divine Messiah : _b the New Testament witness _c/ Robert L Reymond |
|
| 264 | 1 |
_aEstados Unidos : _bChristian Focus Publishing, _c[1990] |
|
| 264 | 4 | _c© 1990 | |
| 300 |
_a347 páginas _c; 22 cm |
||
| 336 |
_2rdacontent _atexto _btxt |
||
| 337 |
_2rdamedia _asin mediación _bn |
||
| 338 |
_2rdacarrier _avolumen _bnc |
||
| 500 | _aColección Dawn Christina Harrell | ||
| 505 | _aNegativas actuales de la deidad de Jesús. -- Jesús auto-testigos. -- Antes de la resurrección y los testigos de Jesús. -- El testigo después de la resurrecicón de Jesús. -- El testimonio de Pablo a Jesús. -- El testimonio del resto del Nuevo Testamento sobre Jesús. | ||
| 563 | _aRústico | ||
| 600 | 0 | 7 |
_aJesucristo _xDivinidad |
| 600 | 0 | 7 |
_aJesucristo _xResurrección |
| 650 | 7 |
_9239 _aCristología |
|
| 942 | _cBK | ||
| 945 |
_aJTF-925 _bAEM-53 |
||